Vzdelávanie zamestnancov

Problematika vzdelávania zamestnancov, ako aj poskytovanie pracovného voľna na tieto účely sú upravené v základnom právnom predpise - Zákonníku práce. Tu je aj ustanovený rozsah pracovného voľna a náhrada mzdy pri účasti zamestnanca na štúdiu pri zamestnaní a ďalšom vzdelávaní za účelom zvýšenia a p...

Ausführliche Beschreibung

Gespeichert in:
Bibliographische Detailangaben
1. Verfasser: Tichý, Miroslav
Format: Buchkapitel
Sprache:Slowakisch
Schlagworte:
Tags: Tag hinzufügen
Keine Tags, Fügen Sie das erste Tag hinzu!

MARC

LEADER 00000naa$a2200000$$$4500
001 0081724
005 20231120110341.8
041 0 |a slo 
044 |a SK 
245 1 0 |a Vzdelávanie zamestnancov  |c Miroslav Tichý 
520 |a Problematika vzdelávania zamestnancov, ako aj poskytovanie pracovného voľna na tieto účely sú upravené v základnom právnom predpise - Zákonníku práce. Tu je aj ustanovený rozsah pracovného voľna a náhrada mzdy pri účasti zamestnanca na štúdiu pri zamestnaní a ďalšom vzdelávaní za účelom zvýšenia a prehĺbenia kvalifikácie. 
610 2 0 |a vzdelávanie dospelých 
610 2 0 |a zákonník práce 
610 2 0 |a vzdelávanie ďalšie 
610 2 0 |a zvyšovanie kvalifikácie 
610 2 0 |a podnik 
610 2 0 |a zamestnanci 
610 2 0 |a zamestnávatelia 
100 1 |a Tichý, Miroslav